Feljegyzések

Elmentve itt :
Bibliográfiai részletek
Szerző: Jónás Csaba
Dokumentumtípus: Cikk
Megjelent: Pompeji Alapítvány Szeged 1997
Sorozat:Pompeji
Kulcsszavak:Irodalomtudomány
Tárgyszavak:
Online Access:http://acta.bibl.u-szeged.hu/9356
LEADER 00656nab a2200205 i 4500
001 acta9356
005 20250516132935.0
008 161015s1997 hu o 000 hun d
022 |a 0865-5553 
040 |a SZTE Egyetemi Kiadványok Repozitórium  |b hun 
041 |a hun 
100 1 |a Jónás Csaba 
245 1 0 |a Feljegyzések  |h [elektronikus dokumentum] /  |c  Jónás Csaba 
260 |a Pompeji Alapítvány  |b Szeged  |c 1997 
300 |a 53-59 
490 0 |a Pompeji 
650 4 |a Bölcsészettudományok 
650 4 |a Nyelvek és irodalom 
695 |a Irodalomtudomány 
856 4 0 |u http://acta.bibl.u-szeged.hu/9356/1/pompeji_1997_002_003_053-059.pdf  |z Dokumentum-elérés